LEADER 01400nam--2200421---450- 001 990000519470203316 005 20091125124911.0 010 $a88-14-05771-0 035 $a0051947 035 $aUSA010051947 035 $a(ALEPH)000051947USA01 035 $a0051947 100 $a20010621d1996----km-y0itay0103----ba 101 $aita 102 $aIT 105 $a||||||||001yy 200 1 $a<> fidi bancari$easpetti operativi, tecnici, giuridici e finanziari, procedure di istruttoria, garanzie, contratti, criteri di valutazione del costo del credito$fGianluigi De Marchi 210 $aMilano$cGiuffrè$dc1996 215 $aVIII, 189 p.$d24 cm 225 2 $aCosa & come$iBanca e borsa 410 $12001$aCosa & come$iBanca e borsa 461 1$1001-------$12001 606 0 $aCredito bancario 676 $a332.7 700 1$aDE MARCHI,$bGianluigi$0107903 801 0$aIT$bsalbc$gISBD 912 $a990000519470203316 951 $aXXX.B. Coll. 13/ 86(IRA 40 6 A)$b10598 G$cXXX.B. Coll. 13/(IRA 40)$d00012994 959 $aBK 969 $aECO 979 $aPATTY$b90$c20010621$lUSA01$h1228 979 $c20020403$lUSA01$h1701 979 $aPATRY$b90$c20040406$lUSA01$h1636 979 $aRSIAV3$b90$c20090211$lUSA01$h1744 979 $aRSIAV5$b90$c20090220$lUSA01$h0935 979 $aRSIAV1$b90$c20091125$lUSA01$h1249 996 $aFidi bancari$9415637 997 $aUNISA LEADER 01105nas 2200397-a 450 001 9910154548503321 005 20260218110614.0 011 $a1731-2531 035 $a(OCoLC)298533503 035 $a(CKB)1000000000318452 035 $a(CONSER)--2009243007 035 $a(MiAaPQ)4852143 035 $a(DE-599)ZDB3043961-9 035 $a(DE-599)3043961-9 035 $a(EXLCZ)991000000000318452 100 $a20080429a20019999 --- - 101 0 $apol 181 $ctxt$2rdacontent 182 $cn$2rdamedia 200 00$aAnaesthesiology intensive therapy 210 $aWarszawa $cBorgis 300 $aRefereed/Peer-reviewed 311 08$a1642-5758 517 1 $aAnestezjologia intensywna terapia 606 $aAnesthesia 606 $aAnesthetics 606 $aCritical Care 608 $aPeriodical. 615 12$aAnesthesia. 615 22$aAnesthetics. 615 22$aCritical Care. 712 02$aPolskie Towarzystwo Anestezjologii i Intensywnej Terapii. 906 $aJOURNAL 912 $a9910154548503321 996 $aAnaesthesiology intensive therapy$91993930 997 $aUNINA